Loga ukryte za logami - Statystyki

Ogólne statystyki
  • Ten quiz został rozwiązany 54 542 razy
  • Średni wynik to 17 z 21
Odpowiedzi na mapie
Odpowiedzi zakodowano w zielono-czerwonej skali na mapie do tego quizu, zgodnie z poniższymi procentami.
 
Statystyki odpowiedzi
Odpowiedź % Poprawnych
Amazon
99%
Apple
99%
Pepsi
97%
YouTube
97%
Microsoft
96%
Xbox
96%
Coca-Cola
93%
Spotify
93%
Pizza Hut
91%
Orlen
87%
Levi's
83%
New Balance
82%
Motorola
80%
BP
76%
Monopoly
75%
Nintendo
75%
Michelin
71%
Tommy Hilfiger
71%
Internet Explorer
70%
JetPunk
69%
Under Armour
37%
Nie znaleziono quizów pasujących do podanych kryteriów
Rozkład punktacji
Procent ludzi z każdym wynikiem
Percentyl według liczby udzielonych odpowiedzi
Twoja historia wyników
Nie rozwiązałeś tego quizu